000 00337cam a22001097a 4500
008 180718b xxu||||| |||| 00| 0 eng d
082 _aL2x54 In2K
100 _aKaldor, Nicholas
245 _aIncome tax reform: reportof a survey
_cby Nicholas Kaldor
260 _aDelhi
_bDepartment of Economic Affairs, Ministry of Finance
_c
300 _a139p.
999 _c500564
_d500564